000 01298nam a2200229Ia 4500
999 _c55933
_d55933
001 23032
003 GE_BSU
005 20230628100908.0
008 181216s2005||||ge |||||||||||||| ||geo||
020 _a99940-31-07-4
040 _cGE_BSU
041 _ageo
080 _a821.14'01-394 ტ-79
245 _aტროას ომის შემდეგ :
_bდამხმარე სახელმძღვ. /
_cსერიის სარედაქციო კოლეგია : რისმაგ გორდეზიანი(მთ.რედ), ლაშა ბერაია, ვალერი ასათიანი და სხვ. ; თხრობა და კომენტარები მანანა ფხაკაძის.
264 _aთბილისი :
_bლოგოსი,
_c2005.
300 _a336 გვ. :
_bილ. ;
_c20 სმ.
490 _aბერძნული მითების სამყარო
541 _h5 ლ.
653 _aტროას ომის შემდეგ
710 _aთსუ
_eკლასიკური ფილოლოგიის, ბიზანტინისტიკისა და ნეოგრეცისტიკის ინსტიტუტიი.
_919021
942 _cBK
_2udc